000
00325nam a22001457a 4500
008
210518b ||||| |||| 00| 0 eng d
020
_a
9780812049572
041
_a
eng
080
_2
10th
_a
37
082
_a
37
100
_a
46
101
_a
EDU
245
_a
How to Prepare for the GRE
_c
Brownstein,S.C
942
_2
udc
_c
BK
999
_c
57432
_d
57432